A murányaljai vásár

Oznámenie Obchodnej a priemyselnej komory v Miskolci o preložení krajinského jarmoku v Muráni z 12. na 14.10.1912. Povolenie vydal minister obchodu.

Podrobná bibliografia
Médium: Článok
Jazyk:Hungarian
Témy:
Zdroj: 1. Sajó-Vidék : Vegyestartalmú hetilap 1. Roč. 15, č. 39 (26.09.1912) s. 3
LEADER 01021nab#a2200313#ar4500
001 000073601
003 SVKKK
005 19971002xxxxxxx.
008 06 c xo huno
FMT
038 |a SVKKK 
040 |a SVKKK  |b slo  |e AACR2 
041 0 |a hun 
044 |a xo  |c SK 
080 |a 394.6 
242 1 0 |a Jarmok v Muráni 
245 0 0 |a A murányaljai vásár 
520 2 |a Oznámenie Obchodnej a priemyselnej komory v Miskolci o preložení krajinského jarmoku v Muráni z 12. na 14.10.1912. Povolenie vydal minister obchodu. 
650 0 4 |a jarmok krajinský - Muráň (RV) - 12.10.1912 (termín pôvodný) - 14.10.1912 (termín pozmenený) - Obchodná a priemyselná komra, Miskolc (MR) - 26.09.1912 - oznámenie 
773 0 |t Sajó-Vidék : Vegyestartalmú hetilap  |g Roč. 15, č. 39 (26.09.1912) s. 3 
957 |a Miskolc 
957 |a Murányalja pozri Muráň 
957 |a Muráň 
958 |a DG 
958 |a SK 
974 |a ebl  |d 19971002 
992 |a RBX 
BAS
998 |a RETRO